000 00310pab a2200133 454500
008 180718b2006 xxu||||| |||| 00| 0 eng d
245 _aORGANIZATIONS working for womens rights
260 _c2006
300 _ap.137-41.
362 _aMar
650 _aWomens rights
773 _aDevelopment
909 _a71567
999 _c71567
_d71567